Grmečke bijele noći; druga Krajiška narodnooslobodilačka udarna brigada.

Disimpan dalam:
Butiran Bibliografi
Pengarang Utama: Uzelac, Dušan.
Format: Buku
Bahasa:Croatian
Diterbitkan: Beograd, Narodna armija, 1969.
Siri:Zapisi o ratnim brigadama ; 10.
Subjek-subjek:
Penanda-penanda: Tambah Penanda
Tiada Penanda, Jadilah orang pertama menanda rekod ini!
LEADER 00824nam a2200229K 4500
001 006802498-3
005 20020606163548.3
008 900201s1969 yu ac 000 0 hrv d
035 0 |a ocm20986724 
040 |a CUY  |c CUY  |d HLS 
090 |a D766.613.K698  |b U9 
100 1 |a Uzelac, Dušan. 
245 1 0 |a Grmečke bijele noći;  |b druga Krajiška narodnooslobodilačka udarna brigada. 
260 |a Beograd,  |b Narodna armija,  |c 1969. 
300 |a 180 p.  |b illus., ports. 
490 1 |a Zapisi o ratnim brigadama ;  |v 10 
610 1 0 |a Yugoslavia.  |b Jugoslovenska narodna armija. 
610 2 0 |a Krajiška narodnooslobodilačka udarna brigada. 
650 0 |a World War, 1939-1945  |x Regimental histories  |z Yugoslavia  |z Krajiška narodnooslobodilačka udarna brigada. 
830 0 |a Zapisi o ratnim brigadama ;  |v 10. 
988 |a 20020608 
906 |0 OCLC